| 000 | 00335cam a2200133ua 4500 | ||
|---|---|---|---|
| 020 | _a9780070144774 | ||
| 082 |
_a621.801 _bRAT/TH |
||
| 100 |
_aRattan, S.S . _91335 |
||
| 245 | _aTheory of Machines / | ||
| 250 | _a/ 3 | ||
| 260 |
_aNew Delhi : _bTata Mc-Graw Hill Publishing Company , _c2005,2012 |
||
| 300 |
_a711 _e`. |
||
| 942 | _cBK | ||
| 999 |
_c13011 _d13011 |
||